Construction Project Management / (Record no. 616570)

000 -LEADER
fixed length control field 00385nam a22001457a 4500
020 ## - INTERNATIONAL STANDARD BOOK NUMBER
Qualifying information HB.
040 ## - CATALOGING SOURCE
Transcribing agency FIZZA ISHAQ
082 ## - DEWEY DECIMAL CLASSIFICATION NUMBER
Classification number 690.068
Author Mark SEA
100 ## - MAIN ENTRY--PERSONAL NAME
Personal name Sears , S. keoki.
9 (RLIN) 13145
245 ## - TITLE STATEMENT
Title Construction Project Management /
Statement of responsibility, etc. S. Keoki Sears.
250 ## - EDITION STATEMENT
Edition statement 6TH ED.
260 ## - PUBLICATION, DISTRIBUTION, ETC.
Place of publication, distribution, etc. New York.
Name of publisher, distributor, etc. Wiley,
Date of publication, distribution, etc. 2015.
300 ## - PHYSICAL DESCRIPTION
Extent 341 P. ;
Dimensions ‎ 7.6 x 1 x 9.5 inches
942 ## - ADDED ENTRY ELEMENTS (KOHA)
Source of classification or shelving scheme
Koha item type Book
Holdings
Withdrawn status Lost status Source of classification or shelving scheme Damaged status Not for loan Permanent Location Current Location Date acquired Full call number Barcode Date last seen Price effective from Koha item type
          NUST Baluchistan Campus (NBC) NUST Baluchistan Campus (NBC) 03/10/2026 624.068 SEA Q-2142 03/10/2026 03/10/2026 Book
© 2023 Central Library, National University of Sciences and Technology. All Rights Reserved.